Top 10 Strawberry Producing US States Quiz Stats

 Plays Quiz Updated Jun 26, 2018

Challenge
Share
Tweet
Embed
Score 0/10 Timer 02:00
3 Plays Today
Berries (1,000 cwt) US State % Correct
27,577California
97.9%
2,071Florida
87.5%
99Washington
84.9%
155Oregon
84.5%
32New York
76%
18Ohio
72.2%
33Pennsylvania
67.5%
45Michigan
65.5%
154North Carolina
62%
38Wisconsin
54.1%

You're not logged in!

Compare scores with friends on all Sporcle quizzes.
Join for Free
OR
Log In

You Might Also Like...

Show Comments

Extras

Top Quizzes Today


Score Distribution

Your Account Isn't Verified!

In order to create a playlist on Sporcle, you need to verify the email address you used during registration. Go to your Sporcle Settings to finish the process.

Report this User

Report this user for behavior that violates our Community Guidelines.

Details: